[Event "GER-ch Seniors 65 36th"]
[Site "Bad Wildungen"]
[Date "2024.08.27"]
[Round "5"]
[White "Boeven, Manfred"]
[Black "Rosen, Bernd"]
[Result "1/2-1/2"]
[WhiteElo "1998"]
[BlackElo "2245"]
[PlyCount "45"]
[EventDate "2024.08.25"]
[EventType "swiss"]
[EventRounds "9"]
[EventCountry "GER"]
[SourceTitle "CBM 221 Extra"]
[Source "ChessBase"]
[SourceDate "2024.09.30"]
[SourceVersion "1"]
[SourceVersionDate "2024.09.30"]
[SourceQuality "1"]

1. d4 e6 2. Nc3 d5 3. Nf3 Nf6 4. Bg5 Bb4 5. e3 c5 6. dxc5 h6 7. Bxf6 Qxf6 8. Qd4 Nc6 9. Bb5 Bd7 10. Bxc6 Bxc3+ 11. bxc3 Bxc6 12. Ne5 0-0 13. Nxc6 bxc6 14. Qxf6 gxf6 15. Rb1 Rab8 16. Kd2 Rb5 17. Rxb5 cxb5 18. Rb1 a6 19. Kd3 e5 20. a4 bxa4 21. Ra1 Rc8 22. Rxa4 Rxc5 23. Rxa6 1/2-1/2

[Event "Dortmund Sparkassen op-A 51st"]
[Site "Dortmund"]
[Date "2024.08.18"]
[Round "9"]
[White "Vollbehr, Bjarne"]
[Black "Rosen, Bernd"]
[Result "1/2-1/2"]
[WhiteElo "2019"]
[BlackElo "2245"]
[PlyCount "116"]
[EventDate "2024.08.10"]
[EventType "swiss"]
[EventRounds "9"]
[EventCountry "GER"]
[SourceTitle "CBM 221 Extra"]
[Source "ChessBase"]
[SourceDate "2024.09.30"]
[SourceVersion "1"]
[SourceVersionDate "2024.09.30"]
[SourceQuality "1"]

1. Nf3 Nf6 2. b3 d6 3. c4 c5 4. e3 g6 5. Bb2 Bg7 6. Be2 e5 7. d4 cxd4 8. exd4 e4 9. Nfd2 0-0 10. 0-0 Re8 11. Nc3 Nc6 12. d5 Nd4 13. Re1 Nxe2+ 14. Qxe2 Bg4 15. Qe3 Bf5 16. h3 h5 17. Nf1 h4 18. Qd2 Nd7 19. Ne2 Bxb2 20. Qxb2 Ne5 21. Qd2 Bxh3 22. Nd4 Bf5 23. Nxf5 gxf5 24. Qh6 Ng4 25. Qh5 Qf6 26. Ne3 Nxe3 27. fxe3 Kg7 28. Rf1 Re5 29. Rad1 Rh8 30. Qe2 Qg6 31. Qe1 Qg3 32. Rf4 Rh6 33. Qf2 Qxf2+ 34. Kxf2 Kg6 35. Rh1 Kg5 36. Ke2 b5 37. a4 bxa4 38. bxa4 Rh8 39. Rb1 h3 40. Rh1 h2 41. g4 fxg4 42. Rxf7 Rf5 43. Rg7+ Kf6 44. Rxg4 Rb8 45. Kd2 Rb3 46. Kc2 Rxe3 47. Rxh2 Ke5 48. Rg6 Ra3 49. Re6+ Kd4 50. Kb2 Rxa4 51. Rxd6 Rb4+ 52. Ka2 Rxc4 53. Rd7 a5 54. d6 Kd3 55. Re7 e3 56. d7 Rd5 57. Rh8 Rcd4 58. Rh5 Rxd7 1/2-1/2

[Event "Dortmund Sparkassen op-A 51st"]
[Site "Dortmund"]
[Date "2024.08.10"]
[Round "1"]
[White "Stegert, Jonas"]
[Black "Rosen, Bernd"]
[Result "1/2-1/2"]
[WhiteElo "1945"]
[BlackElo "2245"]
[PlyCount "62"]
[EventDate "2024.08.10"]
[EventType "swiss"]
[EventRounds "9"]
[EventCountry "GER"]
[SourceTitle "CBM 221 Extra"]
[Source "ChessBase"]
[SourceDate "2024.09.30"]
[SourceVersion "1"]
[SourceVersionDate "2024.09.30"]
[SourceQuality "1"]

1. d4 Nf6 2. c4 c5 3. d5 e5 4. Nc3 d6 5. e4 Nbd7 6. Be2 Be7 7. Be3 0-0 8. Qd2 a6 9. a4 Rb8 10. h3 Ne8 11. g4 Nc7 12. Nf3 Re8 13. a5 b6 14. axb6 Rxb6 15. Kd1 Nf8 16. Ne1 Ng6 17. Nd3 Rb7 18. Kc2 h6 19. Rag1 Bg5 20. f4 exf4 21. Nxf4 Nxf4 22. Bxf4 Qf6 23. Bxg5 Qxg5 24. Qxg5 hxg5 25. Ra1 Bd7 26. Bd3 Rb6 27. Kc1 Re7 28. Bc2 Rb4 29. b3 Rb6 30. Kd2 Ne8 31. Rhe1 Re5 1/2-1/2

[Event "Oberliga NRW 2324"]
[Site "Germany"]
[Date "2024.03.10"]
[Round "7.6"]
[White "Rosen, Bernd"]
[Black "Erwich, Marc"]
[Result "1/2-1/2"]
[WhiteElo "2287"]
[BlackElo "2323"]
[PlyCount "144"]
[EventDate "2023.09.03"]
[EventType "team-tourn"]
[EventRounds "9"]
[EventCountry "GER"]
[SourceTitle "EXT 2025"]
[Source "ChessBase"]
[SourceDate "2024.10.14"]
[SourceVersion "1"]
[SourceVersionDate "2024.10.14"]
[SourceQuality "1"]
[WhiteTeam "Essen Katernberg"]
[BlackTeam "Erkenschwick"]
[WhiteTeamCountry "GER"]
[BlackTeamCountry "GER"]

1. c4 Nf6 2. g3 e5 3. Bg2 g6 4. Nc3 Bg7 5. d3 0-0 6. e4 d6 7. Nge2 Nc6 8. 0-0 a6 9. h3 Rb8 10. Be3 Be6 11. Rc1 Qd7 12. Kh2 b5 13. b3 Ne7 14. Nd5 bxc4 15. dxc4 c6 16. Nxf6+ Bxf6 17. Nc3 Rfd8 18. Qe2 Bg7 19. Rfd1 Qb7 20. Rd2 Rd7 21. Rcd1 Rbd8 22. Na4 c5 23. f4 Qc7 24. Qf2 f6 25. Nc3 Nc6 26. Nd5 Bxd5 27. cxd5 Nd4 28. b4 cxb4 29. Bxd4 exd4 30. Rc2 Qa7 31. Qxd4 Qxd4 32. Rxd4 Rb7 33. Rc6 Ra8 34. Rxd6 a5 35. Rc6 a4 36. d6 Rd8 37. Rc7 Rbb8 38. d7 b3 39. axb3 axb3 40. Rd1 Kf8 41. h4 Ke7 42. Bh3 b2 43. Rb1 Rb5 44. Rc2 f5 45. e5 Rxd7 46. Rbxb2 Rxb2 47. Rxb2 Bf8 48. Bg2 Kf7 49. Bc6 Rc7 50. Bd5+ Kg7 51. Rb8 Ra7 52. Kh3 Bc5 53. g4 fxg4+ 54. Kxg4 Rd7 55. Rg8+ Kh6 56. Be4 Rd4 57. Kf3 Rd1 58. Rc8 Rf1+ 59. Kg4 Rg1+ 60. Kh3 Be3 61. Rf8 Kg7 62. Rf6 Bf2 63. Bd5 Rg3+ 64. Kh2 h5 65. Rf7+ Kh6 66. Rb7 Rg4 67. Bg8 Rxh4+ 68. Kg2 Rxf4 69. e6 Rf8 70. Bf7 Bh4 71. e7 Bxe7 72. Rxe7 Kg5 1/2-1/2

[Event "Oberliga NRW 2324"]
[Site "Germany"]
[Date "2023.10.29"]
[Round "3.6"]
[White "Grodotzki, Kenneth Alexander"]
[Black "Rosen, Bernd"]
[Result "0-1"]
[WhiteElo "1953"]
[BlackElo "2314"]
[PlyCount "132"]
[EventDate "2023.09.03"]
[EventType "team-tourn"]
[EventRounds "9"]
[EventCountry "GER"]
[SourceTitle "EXT 2025"]
[Source "ChessBase"]
[SourceDate "2024.10.14"]
[SourceVersion "1"]
[SourceVersionDate "2024.10.14"]
[SourceQuality "1"]
[WhiteTeam "Muelheim Nord III"]
[BlackTeam "Essen Katernberg"]
[WhiteTeamCountry "GER"]
[BlackTeamCountry "GER"]

1. f4 g6 2. Nf3 c5 3. g3 Bg7 4. Bg2 Nc6 5. 0-0 e6 6. d3 Nge7 7. c3 0-0 8. e4 d6 9. Be3 b6 10. Na3 Ba6 11. Re1 Qd7 12. Qc2 Rac8 13. Rad1 Nd4 14. Qf2 Nxf3+ 15. Bxf3 Rfd8 16. d4 Qa4 17. Qc2 Qc6 18. Qf2 Bb7 19. c4 a6 20. g4 cxd4 21. Bxd4 Bxd4 22. Qxd4 Qc5 23. Kg2 Qxd4 24. Rxd4 e5 25. Rd2 Nc6 26. f5 Nd4 27. b3 b5 28. Red1 Kg7 29. Kf2 Kf6 30. h4 Ke7 31. g5 gxf5 32. Rxd4 exd4 33. exf5 Bxf3 34. Kxf3 Rc5 35. Kf4 Kd7 36. Rxd4 Re8 37. b4 Rce5 38. cxb5 axb5 39. Nb1 Rc8 40. Nd2 Rc1 41. Ne4 Rf1+ 42. Kg4 d5 43. Nf6+ Kc6 44. Kh5 Rexf5 45. Rd3 R1f3 46. Rd2 R3f4 47. Nxh7 Rxb4 48. Nf6 Rff4 49. Kh6 Rxf6+ 50. gxf6 Rg4 51. h5 d4 52. Re2 d3 53. Rd2 Rg3 54. Kh7 Kd5 55. h6 Kd4 56. Kh8 Kc3 57. Rh2 d2 58. Rh1 Kc2 59. h7 b4 60. a4 b3 61. a5 b2 62. a6 b1Q 63. Rxb1 Kxb1 64. a7 Ra3 65. Kg7 d1Q 66. h8Q Qg4+ 0-1

[Event "Oberliga NRW 2122"]
[Site "Germany"]
[Date "2021.10.31"]
[Round "1.3"]
[White "Straeter, Timo"]
[Black "Rosen, Bernd"]
[Result "1/2-1/2"]
[WhiteElo "2309"]
[BlackElo "2310"]
[PlyCount "44"]
[EventDate "2021.10.31"]
[EventType "team-tourn"]
[EventRounds "9"]
[EventCountry "GER"]
[SourceTitle "EXT 2023"]
[Source "ChessBase"]
[SourceDate "2022.10.05"]
[SourceVersion "1"]
[SourceVersionDate "2022.10.05"]
[SourceQuality "1"]
[WhiteTeam "Wattenscheid"]
[BlackTeam "Essen Katernberg"]
[WhiteTeamCountry "GER"]
[BlackTeamCountry "GER"]

1. Nf3 c5 2. e3 Nf6 3. b3 g6 4. Bb2 Bg7 5. Be2 0-0 6. 0-0 b6 7. d4 Bb7 8. c4 Ne4 9. Nbd2 d6 10. Nxe4 Bxe4 11. Qd2 Nd7 12. Rad1 a6 13. Rfe1 Ra7 14. Ng5 Bb7 15. Bf3 Bxf3 16. Nxf3 b5 17. dxc5 Bxb2 18. Qxb2 Nxc5 19. Qd4 Qa8 20. Qh4 Kg7 21. Qd4+ Kg8 22. Qh4 Kg7 1/2-1/2

[Event "GER-chT Online Liga 1 GpA"]
[Site "Playchess.com INT"]
[Date "2021.03.02"]
[Round "5.1"]
[White "Donchenko, Alexander"]
[Black "Rosen, Bernd"]
[Result "1-0"]
[WhiteElo "2668"]
[BlackElo "2313"]
[PlyCount "61"]
[EventDate "2021.01.22"]
[EventType "team-tourn (rapid)"]
[EventRounds "7"]
[EventCountry "GER"]
[SourceTitle "EXT 2022"]
[Source "ChessBase"]
[SourceDate "2021.10.06"]
[SourceVersion "1"]
[SourceVersionDate "2021.10.06"]
[SourceQuality "1"]
[WhiteTeam "Deizisau"]
[BlackTeam "Essen Katernberg"]
[WhiteTeamCountry "GER"]
[BlackTeamCountry "GER"]

1. e4 e6 2. d4 d5 3. Nd2 Nf6 4. e5 Nfd7 5. Bd3 c5 6. c3 b5 7. Bxb5 Qb6 8. Qa4 a6 9. Bd3 Nc6 10. Ngf3 Be7 11. 0-0 0-0 12. Re1 f6 13. exf6 Nxf6 14. Nf1 Bd7 15. Qb3 Qa7 16. Qd1 cxd4 17. cxd4 Bb4 18. Bd2 Rab8 19. Bc3 Bd6 20. Rc1 a5 21. Bb1 g6 22. Ne3 a4 23. Ne5 Bxe5 24. dxe5 Nh5 25. Ng4 d4 26. Bd2 Rxb2 27. Bh6 Rf7 28. Be4 Qa6 29. Bxc6 Bxc6 30. Qxd4 Qb6 31. Rxc6 1-0

[Event "DSOL 01 Liga Gr-A 1st"]
[Site "Playchess.com INT"]
[Date "2020.08.13"]
[Round "2.1"]
[White "Rosen, Bernd"]
[Black "Babula, Vlastimil"]
[Result "0-1"]
[WhiteElo "2267"]
[BlackElo "2551"]
[PlyCount "82"]
[EventDate "2020.06.22"]
[EventType "team-tourn (rapid)"]
[EventCountry "GER"]
[SourceTitle "EXT 2021"]
[Source "ChessBase"]
[SourceDate "2020.10.23"]
[SourceVersion "1"]
[SourceVersionDate "2020.10.23"]
[SourceQuality "1"]
[WhiteTeam "Essen Katernberg"]
[BlackTeam "Werder Bremen"]
[WhiteTeamCountry "GER"]
[BlackTeamCountry "GER"]

1. Nf3 c5 2. g3 Nc6 3. c4 g6 4. Bg2 Bg7 5. Nc3 d6 6. 0-0 e6 7. a3 Nge7 8. Rb1 b6 9. b4 Bb7 10. Qc2 Qd7 11. e3 0-0 12. d3 Nf5 13. Ne2 cxb4 14. axb4 Ne5 15. Nxe5 dxe5 16. e4 Nd4 17. Nxd4 exd4 18. Qe2 b5 19. c5 a5 20. Ba3 axb4 21. Bxb4 Rfc8 22. f4 Bf8 23. f5 exf5 24. exf5 Bxc5 25. Bxc5 Rxc5 26. Bxb7 Qxb7 27. Ra1 Rac8 28. fxg6 hxg6 29. Ra2 b4 30. Qg2 Qxg2+ 31. Kxg2 b3 32. Ra7 Rc2+ 33. Kh3 R2c7 34. Ra3 b2 35. Rb1 Rb7 36. Ra2 Rc2 37. Kg4 Rxh2 38. Kf4 Re2 39. Ra4 Rc2 40. Ra2 Kg7 41. Ke4 Rb4 0-1

[Event "DSOL 01 Liga Gr-A 1st"]
[Site "Playchess.com INT"]
[Date "2020.07.17"]
[Round "4.1"]
[White "Lauer, Moritz"]
[Black "Rosen, Bernd"]
[Result "1-0"]
[WhiteElo "2384"]
[BlackElo "2267"]
[PlyCount "71"]
[EventDate "2020.06.22"]
[EventType "team-tourn (rapid)"]
[EventCountry "GER"]
[SourceTitle "EXT 2021"]
[Source "ChessBase"]
[SourceDate "2020.10.23"]
[SourceVersion "1"]
[SourceVersionDate "2020.10.23"]
[SourceQuality "1"]
[WhiteTeam "Herzogenaurach"]
[BlackTeam "Essen Katernberg"]
[WhiteTeamCountry "GER"]
[BlackTeamCountry "GER"]

1. e4 e6 2. d4 d5 3. e5 c5 4. c3 Qb6 5. Nf3 Nc6 6. a3 Nh6 7. Bd3 Bd7 8. Bc2 cxd4 9. cxd4 Nf5 10. Bxf5 exf5 11. Nc3 Be6 12. 0-0 Be7 13. b4 0-0 14. Qd3 h6 15. h4 Rac8 16. Bd2 Nb8 17. Na4 Qc6 18. Nc5 b6 19. Nxe6 fxe6 20. Rfc1 Qa4 21. g3 b5 22. Ne1 Nd7 23. Ng2 Nb6 24. Nf4 Kf7 25. g4 g5 26. gxf5 gxf4 27. f6 Bxf6 28. exf6 Kxf6 29. Bxf4 Rxc1+ 30. Rxc1 Nc4 31. Bxh6 Rf7 32. Bg5+ Kg7 33. Rc3 Rf5 34. Qe2 Qa6 35. Rg3 Qc8 36. Qh5 1-0

[Event "NRW Class2 1819"]
[Site "Germany"]
[Date "2019.05.12"]
[Round "9.3"]
[White "Kloss, Henning"]
[Black "Rosen, Bernd"]
[Result "1/2-1/2"]
[WhiteElo "2153"]
[BlackElo "2341"]
[PlyCount "62"]
[EventDate "2018.09.16"]
[EventType "team-tourn"]
[EventRounds "9"]
[EventCountry "GER"]
[SourceTitle "EXT 2023"]
[Source "ChessBase"]
[SourceDate "2022.10.05"]
[SourceVersion "1"]
[SourceVersionDate "2022.10.05"]
[SourceQuality "1"]
[WhiteTeam "Koeln Lasker"]
[BlackTeam "Essen Katernberg"]
[WhiteTeamCountry "GER"]
[BlackTeamCountry "GER"]

1. d4 c5 2. d5 d6 3. e4 Nf6 4. Nc3 g6 5. Bb5+ Bd7 6. a4 Bg7 7. Nf3 0-0 8. h3 Na6 9. 0-0 Nc7 10. Be2 a6 11. Bf4 b5 12. e5 dxe5 13. Bxe5 b4 14. Bxf6 Bxf6 15. Ne4 Bxb2 16. Rb1 Bg7 17. Nxc5 Be8 18. Bc4 a5 19. Qd3 Qd6 20. Ne4 Qb6 21. Bb3 Rd8 22. c4 Na6 23. Qc2 Nc5 24. Nxc5 Qxc5 25. Rbd1 Bd7 26. Ng5 Bf5 27. Ne4 Qc7 28. Qe2 Rfe8 29. Ng3 Bc8 30. Qf3 Bh6 31. Ne4 Qf4 1/2-1/2

[Event "NRW Class2 1819"]
[Site "Germany"]
[Date "2018.12.09"]
[Round "4.3"]
[White "Rosen, Bernd"]
[Black "Bosch, Jeroen"]
[Result "1/2-1/2"]
[WhiteElo "2293"]
[BlackElo "2397"]
[PlyCount "57"]
[EventDate "2018.09.16"]
[EventType "team-tourn"]
[EventRounds "9"]
[EventCountry "GER"]
[SourceTitle "EXT 2022"]
[Source "ChessBase"]
[SourceDate "2021.10.06"]
[SourceVersion "1"]
[SourceVersionDate "2021.10.06"]
[SourceQuality "1"]
[WhiteTeam "Essen Katernberg"]
[BlackTeam "Plettenberg"]
[WhiteTeamCountry "GER"]
[BlackTeamCountry "GER"]

1. c4 c6 2. Nf3 Nf6 3. g3 d5 4. Qc2 Bg4 5. Bg2 Nbd7 6. 0-0 Bxf3 7. exf3 e6 8. d3 Bd6 9. Nc3 0-0 10. f4 Rc8 11. b3 b5 12. Bb2 Re8 13. Qd2 bxc4 14. dxc4 Bb4 15. a3 Bf8 16. Rfd1 Qb6 17. b4 Qb8 18. Na4 dxc4 19. Rab1 Nd5 20. Qc2 Qb5 21. Bd4 N5b6 22. Nc5 Nxc5 23. bxc5 Qa4 24. Qxa4 Nxa4 25. Rb4 Nxc5 26. Rxc4 Red8 27. Rb1 Nd7 28. Bxa7 Bxa3 29. Rxc6 1/2-1/2